| 000 | 01071nam a22003137a 4500 | ||
|---|---|---|---|
| 001 | 7251 | ||
| 003 | FISKH | ||
| 005 | 20250704110128.0 | ||
| 008 | 250704b cb ||||| |||| 00| 0 eng d | ||
| 020 | _a9780590543446 | ||
| 040 |
_aFISKH _beng _cFISKH _dFISKH |
||
| 050 | _a PZ7.M1257 S | ||
| 082 | _a510 | ||
| 100 | _aMaccarone, Grace | ||
| 245 |
_aThe silly story of Goldie locks and the three squares / _cBy Grace Maccarone ; Illustrated by Anne Kennedy |
||
| 250 | _aThis edition first published in 1996 | ||
| 260 |
_aNew York : _bScholastic, _c1996 |
||
| 300 |
_a29 unnumbered pages : _bcolor illustrations ; _c23 cm |
||
| 490 |
_aHello math reader _vLevel 2 |
||
| 505 | _aG | ||
| 520 | _aA modern descendant of the Goldilocks of folklore fame makes a similar visit to a stranger's house--with a geometric twist. Includes related activities. | ||
| 521 | 8 |
_a420
_bLexile |
|
| 521 | 8 |
_aG
_bRaz-Plus |
|
| 650 |
_2Qeometry _aReader |
||
| 650 |
_2Shapes _aFairy tales |
||
| 700 |
_aKennedy, Anne _dillustrator |
||
| 942 |
_2ddc _cBK _n0 |
||
| 999 |
_c7251 _d7251 |
||